000 00987nam a22002777a 4500
001 8666
003 FISKH
005 20251009100844.0
008 251009b cb ||||| |||| 00| 0 eng d
040 _aFISKH
_bkhr
_cFISKH
_dFISKH
050 _aPZ7
082 _a635.25
100 _aMinistry of Education, Youth and Sports
245 _aស្ពៃ /
_cBy Anonymous
260 _aPhnom Penh :
_bកិច្ចសហប្រតិបត្តិការអភិវឌ្ឍន៍ប៊ែលហ្ស៊ិក ,
300 _a8 pages :
_bcolor illustrations ;
_c25 cm .
505 _aD
520 _aខុមជួយលោកតាលោកយាយដាំស្ពៃនៅក្នុងសួនច្បារ​ ។
520 _aKhom helped her grandparent planting cabbage in the garden.
521 8 _a160
_bLexile estimate
521 8 _aD
_bRaz-Plus
650 _aស្ពៃ
650 _aCabbage
942 _2ddc
_cKHB
_n0
999 _c8666
_d8666